01006cam a22002651a 450000100100000000500170001000800410002701000130006803500200008104000240010104100130012504300120013808200180015010000190016824000600018724500950024726000860034230000510042849000140047950000590049350400410055265000390059365000280063283000800066000001221420250509140829.0890928s1970 ve c b 000 0 spa  a70874230 a(OCoLC)20407289 aDO-SdBNPcTxKTdDLC1 aspahita as-ve--- a371.33bB175c1 aBaldelli, Pio.10aComunicazione audiovisiva e educazione.lSpanish.f197010aComunicación audiovisual y educación /cPio Baldelli ; traducción: Ambretta Marrosu. a[Caracas] :bEdiciones de la Biblioteca, Universidad Central de Venezuela,c1970. a249 p. :b4 leaves of plates, ports. ;c21 cm.1 aTemasv30 aTranslation of Comunicazione audiovisiva e educazione. aIncludes bibliographical references. 4aEnseñanza audiovisualzVenezuela 0aTecnología educativa  0aTemas (Universidad Central de Venezuela. Ediciones de la Biblioteca) ;v30.